[Event "ARM-ch 68th"]
[Site "Yerevan"]
[Date "2008.01.20"]
[Round "12"]
[White "Kotanjian, Tigran"]
[Black "Nalbandian, Tigran"]
[Result "1-0"]
[WhiteElo "2545"]
[BlackElo "2505"]
[PlyCount "101"]
[EventDate "2008.01.08"]
[EventType "tourn"]
[EventRounds "13"]
[EventCountry "ARM"]
[EventCategory "12"]
[SourceTitle "CBM 122"]
[Source "ChessBase"]
[SourceDate "2008.01.30"]
[SourceVersion "1"]
[SourceVersionDate "2008.01.30"]
[SourceQuality "1"]

1. d4 Nf6 2. c4 g6 3. Nc3 Bg7 4. e4 d6 5. Nf3 0-0 6. Be2 c5 7. 0-0 Bg4 8. d5 e6 9. Bf4 exd5 10. cxd5 Re8 11. h3 Bxf3 12. Bxf3 Bf8 13. g4 a6 14. g5 Nfd7 15. Bg2 Ne5 16. Be3 Nc4 17. Bc1 Bg7 18. Qe2 b5 19. a4 Qa5 20. Bd2 Nxd2 21. axb5 Qb6 22. Qxd2 Nd7 23. bxa6 Rxa6 24. Qe2 Rea8 25. Rab1 Rb8 26. f4 Bd4+ 27. Kh1 Ra7 28. Qf3 Qb3 29. e5 Bxc3 30. bxc3 Qxb1 31. Rxb1 Rxb1+ 32. Kh2 Re1 33. Qf2 Raa1 34. e6 Nf8 35. f5 gxf5 36. Qxf5 Ra7 37. h4 Re5 38. Qf6 fxe6 39. dxe6 Rg7 40. c4 Nxe6 41. Bd5 Rg6 42. Qd8+ Kg7 43. Qe7+ Kh8 44. Qf7 Re3 45. Kg1 Re1+ 46. Kf2 Re5 47. Kf1 Rxd5 48. cxd5 Nd4 49. h5 Rg7 50. Qf8+ Rg8 51. Qf6+ 1-0

[Event "ARM-ch 68th"]
[Site "Yerevan"]
[Date "2008.01.14"]
[Round "7"]
[White "Babujian, Levon"]
[Black "Nalbandian, Tigran"]
[Result "1-0"]
[WhiteElo "2439"]
[BlackElo "2505"]
[PlyCount "87"]
[EventDate "2008.01.08"]
[EventType "tourn"]
[EventRounds "13"]
[EventCountry "ARM"]
[EventCategory "12"]
[SourceTitle "CBM 122"]
[Source "ChessBase"]
[SourceDate "2008.01.30"]
[SourceVersion "1"]
[SourceVersionDate "2008.01.30"]
[SourceQuality "1"]

1. d4 Nf6 2. c4 g6 3. Nc3 Bg7 4. e4 d6 5. Nf3 0-0 6. Be2 e5 7. 0-0 Qe8 8. d5 a5 9. Ne1 Na6 10. Nd3 b6 11. f3 Nc5 12. Nxc5 bxc5 13. a4 Nh5 14. g3 Bh3 15. Rf2 f5 16. Bf1 Bxf1 17. Qxf1 Nf6 18. Ra3 Rb8 19. Qd1 Rb4 20. Qe2 h5 21. Nb5 c6 22. Nc7 Qf7 23. Ne6 cxd5 24. Nxf8 Rxc4 25. Bg5 Qxf8 26. exd5 Rd4 27. Rb3 Nxd5 28. Rb7 c4 29. Rf1 f4 30. Rd1 Rxd1+ 31. Qxd1 Ne3 32. Qb1 Qc8 33. Qe4 c3 34. Bf6 Nf5 35. Qd5+ Kh7 36. Bxg7 Nxg7 37. Qf7 Qh8 38. bxc3 Kh6 39. Qf6 fxg3 40. h4 Qg8 41. Rf7 Ne6 42. Qxe6 Qd8 43. Qf6 Qb6+ 44. Kh1 1-0

[Event "ARM-ch 68th"]
[Site "Yerevan"]
[Date "2008.01.13"]
[Round "6"]
[White "Nalbandian, Tigran"]
[Black "Anastasian, Ashot"]
[Result "1/2-1/2"]
[WhiteElo "2505"]
[BlackElo "2562"]
[PlyCount "107"]
[EventDate "2008.01.08"]
[EventType "tourn"]
[EventRounds "13"]
[EventCountry "ARM"]
[EventCategory "12"]
[SourceTitle "CBM 122"]
[Source "ChessBase"]
[SourceDate "2008.01.30"]
[SourceVersion "1"]
[SourceVersionDate "2008.01.30"]
[SourceQuality "1"]

1. d4 Nf6 2. c4 e6 3. g3 d5 4. Bg2 Be7 5. Nf3 0-0 6. 0-0 c6 7. Qc2 Nbd7 8. Nbd2 b6 9. e4 Bb7 10. e5 Ne8 11. cxd5 cxd5 12. Re1 Ba6 13. Re3 Rc8 14. Qa4 Nc7 15. Bf1 Nb8 16. Rc3 b5 17. Qd1 b4 18. Rc2 Bxf1 19. Nxf1 Nb5 20. Rxc8 Qxc8 21. Bg5 Bxg5 22. Nxg5 Qc4 23. Nf3 Rc8 24. Ne3 Qc6 25. Qd3 h6 26. h4 Qb6 27. h5 a5 28. g4 Nc6 29. Rc1 Ne7 30. Rxc8+ Nxc8 31. a4 bxa3 32. bxa3 Qc6 33. g5 Ne7 34. gxh6 gxh6 35. Ng4 Nf5 36. Qd2 Kh7 37. Qxa5 Nbxd4 38. Nxd4 Qc1+ 39. Kg2 Qg5 40. Nxf5 exf5 41. Qxd5 Qxg4+ 42. Kf1 Qh3+ 43. Ke1 Qc3+ 44. Kd1 Kg7 45. e6 Qxa3 46. exf7 Qa4+ 47. Kd2 Qg4 48. Qd6 Kxf7 49. Qxh6 Qd4+ 50. Ke2 Qc4+ 51. Ke1 Qe4+ 52. Kd2 Qd4+ 53. Ke2 Qc4+ 54. Kd2 1/2-1/2